| 000 | 01013nam a2200229Ia 4500 | ||
|---|---|---|---|
| 999 |
_c40566 _d40566 |
||
| 001 | 7190 | ||
| 003 | GE_BSU | ||
| 005 | 20230925125903.0 | ||
| 008 | 181216s2011||||ge |||||||||||||| ||geo|| | ||
| 020 | _a9789941438028 | ||
| 040 | _cGE_BSU | ||
| 041 | _ageo | ||
| 080 | _a821.353.1-1 გ-76 | ||
| 100 |
_aასათიანი, ლადო _919908 |
||
| 245 |
_a(1917-1943) : ლექსები / _cტერენტი გრანელი ; მთ. რედ. : ეთერ ინწკირველი, პროგრამის ხელმძ. ზაზა აბზიანიძე, მხატვ. თეა ინწკირველი. |
||
| 264 |
_aთბილისი : _bსაოჯახო ბიბლიოთეკა, _c2012. |
||
| 300 |
_a203 გვ. : _bფოტო-პორტრეტი ; _c22 სმ. |
||
| 490 |
_aქართული სიტყვიერება _xISSN 2233-3053 |
||
| 541 | _h8ლ. | ||
| 653 | _aლექსები | ||
| 942 |
_cBK _2udc |
||